Central Library OPAC University of Rajshahi

Bangladesh in the United Nations : (Record no. 42142)

MARC details
000 -LEADER
fixed length control field 00826nam a2200253 a 4500
001 - CONTROL NUMBER
control field 42142
003 - CONTROL NUMBER IDENTIFIER
rucl marc code BD-RjUL
005 - DATE AND TIME OF LATEST TRANSACTION
control field 20211209053511.0
008 - FIXED-LENGTH DATA ELEMENTS--GENERAL INFORMATION
fixed length control field 160609s1987 bg b 001 0 eng d
020 ## - INTERNATIONAL STANDARD BOOK NUMBER
Terms of availability : Tk. 250.00
035 ## - SYSTEM CONTROL NUMBER
System control number oxf990017922
-- (BD-RjUL) 42260
040 ## - CATALOGING SOURCE
Original cataloging agency DLC
Transcribing agency DLC
Language of cataloging eng
Modifying agency BD-RjUL
041 ## - LANGUAGE CODE
Language code of text/sound track or separate title eng
082 ## - DEWEY DECIMAL CLASSIFICATION NUMBER
Classification number 341.235492
Edition number 23
Author mark and year MOB 1987
100 1# - MAIN ENTRY--PERSONAL NAME
Personal name Momen, Nurul.
9 (RLIN) 129601
245 10 - TITLE STATEMENT
Title Bangladesh in the United Nations :
Remainder of title a study in diplomacy /
Statement of responsibility, etc. Nurul Momen
260 ## - PUBLICATION, DISTRIBUTION, ETC. (IMPRINT)
Place of publication, distribution, etc. Dhaka :
Name of publisher, distributor, etc. University Press,
Date of publication, distribution, etc. 1987.
300 ## - PHYSICAL DESCRIPTION
Pagination vi, 224 p. ;
Size 23 cm.
500 ## - GENERAL NOTE
General note Revision of the author's thesis (Ph. D.--Jawaharlal Nehru University, New Delhi)
504 ## - BIBLIOGRAPHY, ETC. NOTE
Bibliography, etc Includes bibliographies and index.
610 20 - SUBJECT ADDED ENTRY--CORPORATE NAME
Corporate name or jurisdiction name as entry element United Nations
Geographic subdivision Bangladesh.
942 ## - ADDED ENTRY ELEMENTS (KOHA)
Source of classification or shelving scheme Dewey Decimal Classification
Koha item type Books
Holdings
Lost status Source of classification or shelving scheme Damaged status Not for loan Collection code Permanent Location Current Location Shelving location Date acquired Source of acquisition Cost, normal purchase price Total Checkouts Full call number Date last seen Date checked out Copy number Koha item type
  Dewey Decimal Classification     Non-fiction Central Library, University of Rajshahi Central Library, University of Rajshahi   11/10/1987 Book Syndicate 250.00 3 341.235492 MOB 1987 06/06/2022 16/05/2022 C-2 Books